| 000 | 00526nam a2200193Ia 4500 | ||
|---|---|---|---|
| 008 | 170918s9999 xx 000 0 und d | ||
| 020 | _a9781414358468 | ||
| 050 | _bA354co 2011 | ||
| 100 | _aAlcorn, Randy | ||
| 245 | _aCourageous : | ||
| 245 | _bhonor begins at home / | ||
| 245 | _cnovelization by Randy Alcorn ; based on the screenplay by Alex Kendrick and Stephen Kendrick. | ||
| 260 | _aUSA : | ||
| 260 | _bTyndale, | ||
| 260 | _c2011 | ||
| 300 | _a374 pages : | ||
| 300 | _billustrations ; | ||
| 300 | _c21cm. | ||
| 999 |
_c343896 _d343896 |
||